Vykazovanie informácií o rozpočte v účtovnej závierke
Vykazovanie informácií o rozpočte v účtovnej závierke patrí k základným osobitostiam subjektov verejnej správy / verejného sektora. V príspevku sa skúma jeho miesto v účtovnej závierke, vymedzenie účtovných jednotiek, ktoré zostavujú a predkladajú výkaz o plnení rozpočtu, jeho obsah, forma a period...
Guardado en:
| Autor principal: | |
|---|---|
| Formato: | Capítulo de libro |
| Lenguaje: | eslovaco |
| Materias: | |
| Etiquetas: |
Sin Etiquetas, Sea el primero en etiquetar este registro!
|
MARC
| LEADER | 00000nla$a2200000$$$4500 | ||
|---|---|---|---|
| 001 | 0088317 | ||
| 005 | 20240502072005.2 | ||
| 041 | 0 | |a slo | |
| 044 | |a SK | ||
| 245 | 1 | 0 | |a Vykazovanie informácií o rozpočte v účtovnej závierke |c Antónia Kovalčíková |
| 520 | |a Vykazovanie informácií o rozpočte v účtovnej závierke patrí k základným osobitostiam subjektov verejnej správy / verejného sektora. V príspevku sa skúma jeho miesto v účtovnej závierke, vymedzenie účtovných jednotiek, ktoré zostavujú a predkladajú výkaz o plnení rozpočtu, jeho obsah, forma a periodicita jeho zostavovania. Cieľom tohto príspevku bolo spracovať poznatky o stave a vývoji riešenia skúmaných skutočností v právnej úprave účtovníctva v Slovenskej republike a v Medzinárodných účtovných štandardov pre verejný sektor. | ||
| 610 | 2 | 0 | |a výkazy finančné |
| 610 | 2 | 0 | |a rozpočet miestny |
| 610 | 2 | 0 | |a výkazy účtovné |
| 610 | 2 | 0 | |a závierka účtovná |
| 610 | 2 | 0 | |a účtovníctvo |
| 610 | 2 | 0 | |a sektor verejný |
| 610 | 2 | 0 | |a štandardy účtovné medzinárodné |
| 610 | 2 | 0 | |a Slovensko |
| 100 | 1 | |a Kovalčíková, Antónia | |